Únik osobných údajov bude pre firmy vážne riziko

Ochranu osobných údajov upravujú v súčasnosti národné zákony krajín Európskej únie. Od 25. mája 2018 vstúpi do učínnosti celoeurópske nariadenie známe ako Regulácia GDPR (General data protection regulation - Regulácia všeobecnej ochrany údajov). Tá má zjednotiť a sprísniť požiadavky na ochranu osobn...

ver descrição completa

Na minha lista:
Detalhes bibliográficos
Autor principal: Rifaiová, Daniela
Formato: Capítulo de Livro
Idioma:eslovaco
Assuntos:
Tags: Adicionar Tag
Sem tags, seja o primeiro a adicionar uma tag!

MARC

LEADER 00000naa a2200000 4500
001 0237751
005 20171130072643.0
041 0 |a slo 
044 |a SK 
245 1 0 |a Únik osobných údajov bude pre firmy vážne riziko  |c Daniela Rifaiová 
520 |a Ochranu osobných údajov upravujú v súčasnosti národné zákony krajín Európskej únie. Od 25. mája 2018 vstúpi do učínnosti celoeurópske nariadenie známe ako Regulácia GDPR (General data protection regulation - Regulácia všeobecnej ochrany údajov). Tá má zjednotiť a sprísniť požiadavky na ochranu osobných údajov v EÚ. 
610 2 0 |a ochrana dát 
610 2 0 |a ochrana údajov osobných 
610 2 0 |a harmonizácia 
610 2 0 |a Slovensko 
610 2 0 |a Európska únia 
100 1 |a Rifaiová, Daniela